El Santuario ibérico de Cigarralejo, Mula (Murcia) / J. Maluquer de Motes
Descripción Física:
p. 57 - 68 ; 24 cm
Materias:
Arqueologia -- Espanya
MARC
| LEADER | 00000nam a2200000Ia 4500 | ||
|---|---|---|---|
| 001 | 17322 | ||
| 008 | 160829s1950 xx 000 0 cat d | ||
| 080 | |a FU-47-12 | ||
| 100 | 1 | |a Maluquer de Motes, Joan, |d 1915-1988 |9 30020 | |
| 245 | |a El Santuario ibérico de Cigarralejo, Mula (Murcia) / J. Maluquer de Motes | ||
| 260 | |a Salamanca : |b Seminario de Arqueología de la Universidad, |c 1950 | ||
| 300 | |a p. 57 - 68 ; |c 24 cm | ||
| 590 | |a Separata de: Zephyrus, I. | ||
| 590 | |a Prové de R.168 del currículum per la plaça de conservador del Museu Arqueològic, 1957 | ||
| 650 | |a Arqueologia |x Espanya |9 46624 | ||
| 856 | 4 | |u https://media.diba.cat/diba/fitxers/arxiu/fulletons/bib_17322_1950_baixa.pdf |y Accés lliure | |
| 856 | 4 | |u https://media.diba.cat/diba/fitxers/arxiu/fulletons/bib_17322_1950_baixa.pdf |y Accés lliure | |
| 901 | |a Arxiu | ||
| 942 | |n 1 |2 udc | ||
| 952 | |0 0 |1 0 |4 0 |6 FU4712 |7 1 |9 53715 |a Arxiu |b Arxiu |d 2016-12-01 |l 0 |o FU-47-12 |p 17322 |r 2016-12-01 00:00:00 |w 2016-12-01 |y ARXIU | ||
| 999 | |c 57581 |d 57581 | ||
| 900 | |a bib_17322_1950_baixa.pdf | ||